Filipino to English Sentences #1 - Statistics

General Stats
  • This quiz has been taken 34 times
  • The average score is 3 of 15
Answer Stats
Filipino English % Correct
Gusto ni Tom na pumunta sa palengke upang bumili ng isda. Tom wants to go to the market to buy fish.
71%
Magtatanim ako ng labindalawang kalabasa. I will plant twelve squashes.
50%
Minsan, tamad akong pumasok sa paaralan. Sometimes, I'm lazy to go to school.
29%
Kahapon ay isang mahangin na araw. Yesterday was a windy day.
29%
Gusto ni Sally na mangisda. Sally likes to go fishing.
18%
We were behaving bad and got punished. We were behaving bad and got punished.
14%
Ayaw ni Gabby na lumangoy. Gabby doesn't like to swim.
11%
Gusto naming pumunta sa palaruan. We would like to go to the playground.
11%
Madali ang mag-alaga ng pusa. Taking care of a cat is easy.
7%
Pagkatapos kong pumunta sa paaralan, uuwi ako. After going to school, I will go back home.
4%
Talagang gusto kong kumain ng masusustansyang pagkain. I really like eating healthy food.
4%
Nagtataka ako kung anong uri ng panahon ngayon. I wonder what the weather is like today.
4%
Ang aming salu-salo ay nakabaliw at masaya. Our party was crazy and fun.
4%
Gusto ni Sally na gumuhit sa kanyang notebook. Sally likes drawing on her notebook.
4%
Nahihirapan kami sa aming pagsusulit. We were having a hard time on our test.
4%
No matching quizzes found
Score Distribution
Percent of People with Each Score
Percentile by Number Answered
Your Score History
You have not taken this quiz